书目信息 |
| 题名: |
如何跟孩子说“不”
|
|
| 作者: | 胡玲美 著 | |
| 分册: | ||
| 出版信息: | 北京 北京理工大学出版社 2016 |
|
| 页数: | 184页 | |
| 开本: | 24cm | |
| 丛书名: | 爱立方 | |
| 单 册: | ||
| 中图分类: | G780 | |
| 科图分类: | ||
| 主题词: | 家庭教育--jia ting jiao yu | |
| 电子资源: | ||
| ISBN: | 978-7-5682-1983-9 | |
| 000 | 01225nam 2200301 450 | |
| 001 | 012001004100 | |
| 005 | 20130128083222.0 | |
| 010 | @a978-7-5682-1983-9@dCNY30.00 | |
| 099 | @aCAL 012017070842 | |
| 100 | @a20170503d2016 em y0chiy50 ea | |
| 101 | 0 | @achi |
| 102 | @aCN@b110000 | |
| 105 | @ay z 000yy | |
| 106 | @ar | |
| 200 | 1 | @a如何跟孩子说“不”@Aru he gen hai zi shuo “ bu ”@e57个从容妙招教出孩子正确的生活态度@f胡玲美著 |
| 210 | @a北京@c北京理工大学出版社@d2016 | |
| 215 | @a184页@d24cm | |
| 225 | 2 | @a爱立方@Aai li fang@i育儿智慧分享者 |
| 305 | @a由凯信企业管理顾问有限公司授权出版 | |
| 306 | @a本书限中国大陆发行 | |
| 330 | @a本书所诉求的教养方式,并不是主张精神或理想的说教方式。父母不必嘶吼、暴怒的逼迫孩子就范;只要掌握孩子的心理,就可以不费吹灰之力的轻松搞定孩子。透过书中所提供的教养方法,父母要懂得拒绝孩子,才能让他学会自立、乐于接受挑战。 | |
| 410 | 0 | @12001 @a爱立方@i育儿智慧分享者 |
| 517 | 1 | @a57个从容妙招教出孩子正确的生活态度@A57 ge cong rong miao zhao jiao chu hai zi zheng que de sheng huo tai du |
| 606 | 0 | @a家庭教育@Ajia ting jiao yu |
| 690 | @aG780@v5 | |
| 701 | 0 | @a胡玲美@Ahu ling mei@4著 |
| 801 | 2 | @aCN@b江苏凤凰@c20191020 |
| 905 | @b1219408-11@dG780@e1077@f4 | |
| 如何跟孩子说“不”:57个从容妙招教出孩子正确的生活态度/胡玲美著.-北京:北京理工大学出版社,2016 |
| 184页;24cm.-(爱立方.育儿智慧分享者) |
| ISBN 978-7-5682-1983-9:CNY30.00 |
| 本书所诉求的教养方式,并不是主张精神或理想的说教方式。父母不必嘶吼、暴怒的逼迫孩子就范;只要掌握孩子的心理,就可以不费吹灰之力的轻松搞定孩子。透过书中所提供的教养方法,父母要懂得拒绝孩子,才能让他学会自立、乐于接受挑战。 |
| ● |
| 相关链接 |
|
|
|
|
正题名:如何跟孩子说"不"
索取号:G780/1077
 
预约/预借
| 序号 | 登录号 | 条形码 | 馆藏地/架位号 | 状态 | 备注 |
| 1 | 1219408 | 212194089 | 第一样本阅览室/ [索取号:G780/1077] | 在馆 | |
| 2 | 1219409 | 212194098 | 教育系资料室/ [索取号:G780/1077] | 在馆 | |
| 3 | 1219410 | 212194105 | 教育系资料室/ [索取号:G780/1077] | 在馆 | |
| 4 | 1219411 | 212194114 | 第四借阅区/ [索取号:G780/1077] | 在馆 |